Polskie Województwa i ich Stolice na Mapie - Statystyki

Ogólne statystyki
  • Ten quiz został rozwiązany 1 304 razy
  • Średni wynik to 31 z 34
Odpowiedzi na mapie
Odpowiedzi zakodowano w zielono-czerwonej skali na mapie do tego quizu, zgodnie z poniższymi procentami.
 
Statystyki odpowiedzi
Miasta % Poprawnych
Pomorskie
98%
Gdańsk
97%
Mazowieckie
97%
Warszawa
97%
Lubelskie
96%
Lubuskie
96%
Zachodniopomorskie
96%
Łódź
95%
Podlaskie
95%
Śląskie
95%
Wielkopolskie
95%
Dolnośląskie
93%
Kraków
93%
Małopolskie
93%
Opolskie
93%
Warmińsko-Mazurskie
93%
Łódzkie
92%
Lublin
92%
Opole
92%
Szczecin
92%
Świętokrzyskie
91%
Białystok
90%
Bydgoszcz
90%
Kujawsko-Pomorskie
90%
Poznań
90%
Toruń
90%
Katowice
89%
Wrocław
89%
Zielona Góra
89%
Podkarpackie
88%
Gorzów Wielkopolski
86%
Olsztyn
85%
Rzeszów
85%
Kielce
84%
Nie znaleziono quizów pasujących do podanych kryteriów
Rozkład punktacji
Procent ludzi z każdym wynikiem
Percentyl według liczby udzielonych odpowiedzi
Twoja historia wyników
Nie rozwiązałeś tego quizu